000 00658nam a22001697a 4500
005 20231117141029.0
008 231117b |||||||| |||| 00| 0 eng d
020 _a9780948711336
041 _aEnglish
082 _a343.4 TAX
100 _lEnglish
245 _aTax Abuses, Poverty and Human Rights :
_bA report of the International Bar Association's Human Rights Institute Task Force on Illicit Financial Flows, Poverty and Human Rights /
_cL Lipsett et al.
260 _aLondon :
_bInternational Bar Association,
_c2013
300 _bxviii, 262 pages ;
_c25,5 cm.
650 _aLegal practice
_bLaw
942 _cBK
_6ALISON_BN_VRIES
999 _c774
_d774